000 00755cam a22002293a 4500
001 23435
003 PGUSA
005 20140828083511.0
008 071110s2007||||xxu|||||s|||||000 | eng d
040 _aPGUSA
_beng
042 _adc
050 4 _aTC
100 1 _aFrench, Henry F.
_q(Henry Flagg),
_d1813-1885
245 1 0 _aFarm drainage :
_bThe Principles, Processes, and Effects of Draining Land with Stones, Wood, Plows, and Open Ditches, and Especially with Tiles
_h[electronic resource] /
_cHenry F. French
260 _bProject Gutenberg,
_c2007
506 _aPublic domain in the USA.
516 _aElectronic text
653 _aDrainage
830 0 _aProject Gutenberg
_v23435
856 4 0 _uhttp://www.gutenberg.org/ebooks/23435
942 _cEB
999 _c252690
_d252690